000 00878nam a2200181Ia 4500
008 220216s9999 xx 000 0 und d
100 _aOkafor P N
245 0 _aEffect of drying on the cyanide content and its toxicity in seeds of Hevea brasiliensis
260 _bNatural Rubber Research
_c2005
300 _a137-141
520 _aOver drying of shelled whole seeds of Hevea brasiliensis at 60-180 degree C over 30 to 180 min resulted in reduction (8.5 to 43.63;) in cyanide content. Drying of chipped seeds was more effective. Rats fed with feed formulation containing such processed rubber seed kernels did not show any toxicity symptoms although there was increase in cyanide and thiocyanate in the blood serum and urine.
650 _aAnimal feed
650 _aCyanide toxicity
650 _aRubber seed
700 _aNjoku O U
700 _aOkorie U
942 _cJS
999 _c57809
_d57809